Obras del ilustrissimo, excelentissimo y venerable siervo de Dios, Don Juan de Palafox y Mendoza,... Obispo... de Osma... : (Record no. 161282)

MARC details
000 -LEADER
campo de control de longitud fija 01258nam a2200253 i 4500
001 - NÚMERO DE CONTROL
campo de control 161282
003 - IDENTIFICADOR DE NÚMERO DE CONTROL
campo de control ES-MaACL
005 - FECHA Y HORA DE LA ÚLTIMA TRANSACCIÓN
campo de control 20250830062231.0
008 - DATOS DE LONGITUD FIJA--INFORMACIÓN GENERAL
campo de control de longitud fija 931025s1762 sp a |||| | spa d
100 1# - ENTRADA PRINCIPAL--NOMBRE DE PERSONA
Nombre de persona Palafox y Mendoza, Juan de,
Fechas asociadas al nombre 1600-1659
9 (RLIN) 239354
245 10 - MENCIÓN DEL TÍTULO
Título Obras del ilustrissimo, excelentissimo y venerable siervo de Dios, Don Juan de Palafox y Mendoza,... Obispo... de Osma... :
Resto del título tomo VII : notas a las Cartas, y auisos de Santa Teresa de Jesus, y varias poesías Espirituales del Venerable autor.
260 ## - PUBLICACIÓN, DISTRIBUCIÓN, ETC.
Lugar de publicación, distribución, etc. En Madrid :
Nombre del editor, distribuidor, etc. en la imprenta de Don Gabriel Ramirez...,
Fecha de publicación, distribución, etc. 1762.
300 ## - DESCRIPCIÓN FÍSICA
Extensión [18], 586 p. :
Otras características físicas il. ;
Dimensiones Fol.
530 ## - NOTA DISPONIBLE DE FORMULARIO FÍSICO ADICIONAL
Nota de formato físico adicional disponible Disponible en formato digital.
597 ## - NOTA DE DESCRIPCIÓN FÍSICA
NOTA DE DESCRIPCIÓN FÍSICA Sign.: a-b4, c1, A-Z4, 2A-2Z4, 3A-3Z4, 4A-4D4, 4E.
597 ## - NOTA DE DESCRIPCIÓN FÍSICA
NOTA DE DESCRIPCIÓN FÍSICA Port. con grab. calc.
597 ## - NOTA DE DESCRIPCIÓN FÍSICA
NOTA DE DESCRIPCIÓN FÍSICA Texto a dos col. a partir de p. 401.
599 ## - NOTA A LAS ILUSTRACIONES
NOTA A LAS ILUSTRACIONES Ilustraciones calc.: "Cruz inv. et sculp." y " Bombelli s."
600 00 - PUNTO DE ACCESO ADICIONAL DE MATERIA--NOMBRE DE PERSONA
Nombre de persona Teresa de Jesús,
Títulos y otros términos asociados al nombre Santa,
Fechas asociadas al nombre 1515-1582
9 (RLIN) 226510
650 #7 - PUNTO DE ACCESO ADICIONAL DE MATERIA--TÉRMINO DE MATERIA
Término de materia o nombre geográfico como elemento de entrada Teología pastoral
Fuente del encabezamiento o término embne
9 (RLIN) 17472
852 4# - LOCALIZACIÓN
Ubicación ES-MaACL
Número de control de estantería R-2013
Nota libre - Enc. piel original de la época
856 4# - LOCALIZACIÓN Y ACCESO ELECTRÓNICOS
Identificador Uniforme de Recursos <a href="https://bibliotecadigital.jcyl.es/es/consulta/registro.do?id=7217">https://bibliotecadigital.jcyl.es/es/consulta/registro.do?id=7217</a>
Nota pública Biblioteca Digital de Castilla y León
Holdings
Estatus retirado Estado de pérdida Estado de daño No para préstamo Colección Biblioteca de origen Biblioteca actual Ubicación en estantería Fecha de adquisición Fuente de adquisición Total de préstamos Signatura topográfica completa Código de barras Visto por última vez Precio de reemplazo Tipo de ítem Koha
        Colección digital Biblioteca del Ateneo de Madrid Biblioteca del Ateneo de Madrid Depósito 17/01/2008     R-2013 1168932 23/02/2023 23/02/2023 Libro impreso antiguo